Quizzes
Events
Quiz Creation
Community
Videos
Private Events
Remove Ads
Sign In
Join for FREE
Feedback
Dark Mode
Quiz Categories
Sports
Geography
Music
Movies
Television
Just For Fun
Miscellaneous
History
Literature
Language
Science
Gaming
Entertainment
Religion
Holiday
For Kids
Quiz Lab
Recent
Popular Today
Quiz Kudos Today
Editor Picks
Curator Picks
Quizzes by...
Day
Popularity
Type
Ratings
Length
Year
Community
Subscriptions
Recent Discussions
Orange Saloon
Badges
Playlists
Quests
Create
Leaderboards
Showdown
Live 5
Trivia Bingo
Activity
Puzzle Library
Sporcle Events
Private Events
Virtual Trivia
Globe League
Become a Host
Pub Owners
SporcleCon
Opinionation
Our Games
Videos
Blog
Mobile Apps
Partnerships
Remove Ads and Go Orange
Feedback
Sports
Athletes
MLB
NBA
NHL
NFL
Soccer
Sports Teams
WWE
NCAA
Football
Premier League
Basketball
Baseball
Hockey
Golf
Tennis
Cricket
Rugby
Auto Racing
Olympics
World Cup
Sports
Athletes
MLB
NBA
NHL
NFL
Soccer
Sports Teams
WWE
NCAA
Football
Premier League
Basketball
Baseball
Hockey
Golf
Tennis
Cricket
Rugby
Auto Racing
Olympics
World Cup
Random Quiz
Search Sporcle
×
Quiz Lab
Quiz Lab
Sports
Basketball
Type in answers that appear in a list
Type in answers that appear in a list
Classic
Best Score? Go Orange.
UNM Basketball Players Since 1999 Stats
Can you name the UNM Basketball Players Since 1999?
By
tommyboyunm
15m
247 Questions
51 Plays
51 Plays
51 Plays
Comments
Comments
Give Quiz Kudos
Give Quiz Kudos
-
- Ratings
hide this ad
More Info
Replay
Link that replays current quiz
Next Quiz
Link to next quiz in quiz playlist
You Got
0%
They Got
Avg Score
31%
Avg Friend Score
Upgrade to see
Score Distribution
Jump to the score distribution portion of the page
Score
0/247
Timer
15:00
0
Plays Today
Player
% Correct
Elijah Brown
100%
100%
Anthony Mathis
100%
Dane Kuiper
100%
Tim Williams
100%
Sam Logwood
100%
Joe Furstinger
100%
Devon Williams
100%
Obij Aget
100%
Elijah Brown
100%
Dane Kuiper
100%
Jalen Harris
100%
Anthony Mathis
100%
Tim Williams
100%
Damien Jefferson
100%
Connor MacDougall
100%
Joe Furstinger
100%
Aher Uguak
100%
Obij Aget
100%
Chris McNeal
100%
Antino Jackson
100%
Dane Kuiper
100%
Anthony Mathis
100%
Sam Logwood
100%
Joe Furstinger
100%
Connor MacDougall
100%
Dairese Gary
92.2%
Dairese Gary
92.2%
Dairese Gary
92.2%
Dairese Gary
92.2%
Danny Granger
88.2%
Danny Granger
88.2%
Roman Martinez
86.3%
Roman Martinez
86.3%
Roman Martinez
86.3%
Roman Martinez
86.3%
Kendall Williams
85.7%
Drew Gordon
85.7%
Cameron Bairstow
85.7%
Alex Kirk
85.7%
Will Brown
82.4%
Will Brown
82.4%
J.R. Giddens
78.4%
J.R. Giddens
78.4%
Phillip McDonald
78.4%
Phillip McDonald
78.4%
Jamal Fenton
78.4%
Jamal Fenton
78.4%
Phillip McDonald
78.4%
Darington Hobson
76.5%
Drew Gordon
76.5%
Alex Kirk
76.5%
Jamal Fenton
75%
Demetrius Walker
75%
Kendall Williams
75%
Cameron Bairstow
75%
Tony Snell
75%
Alex Kirk
75%
Cullen Neal
75%
Kendall Williams
75%
Cameron Bairstow
75%
Devon Williams
75%
Alex Kirk
75%
Deshawn Delaney
75%
Cullen Neal
75%
Deshawn Delaney
75%
Devon Williams
75%
A.J. Hardeman
74.5%
A.J. Hardeman
74.5%
A.J. Hardeman
74.5%
Ruben Douglas
72.5%
Ruben Douglas
72.5%
Ruben Douglas
72.5%
Tony Danridge
72.5%
Tony Danridge
72.5%
Chad Toppert
72.5%
Tony Danridge
72.5%
Chad Toppert
72.5%
Jamaal Smith
72.5%
Chad Toppert
72.5%
Jamaal Smith
72.5%
Tony Danridge
72.5%
Chad Toppert
72.5%
Player
% Correct
Tony Snell
71.4%
Phillip McDonald
71.4%
A.J. Hardeman
71.4%
Lamont Long
68.6%
Brian Smith
68.6%
Brian Smith
68.6%
Mark Walters
66.7%
David Chiotti
66.7%
Mark Walters
66.7%
David Chiotti
66.7%
Mark Walters
66.7%
David Chiotti
66.7%
Mark Walters
66.7%
David Chiotti
66.7%
Daniel Faris
66.7%
Daniel Faris
66.7%
Daniel Faris
66.7%
Daniel Faris
66.7%
Kendall Williams
66.7%
Jamaal Williams
64.7%
Jamaal Williams
64.7%
Kellen Walter
64.7%
Kellen Walter
64.7%
Kellen Walter
64.7%
Kellen Walter
64.7%
Dion Williams
62.7%
Curtis Dennis
62.7%
Curtis Dennis
62.7%
Chad Adams
58.8%
Chad Adams
58.8%
Hugh Greenwood
57.1%
Chad Adams
57.1%
Jamal Fenton
57.1%
Demetrius Walker
57.1%
Marlon Parmer
56.9%
Marlon Parmer
56.9%
Marlon Parmer
56.9%
Tony Snell
56.9%
Nate Garth
52.9%
Nate Garth
52.9%
Chad Adams
50%
Cleveland Thomas
50%
Cleveland Thomas
50%
Obij Aget
50%
Xavier Adams
50%
Joe Furstinger
50%
Sam Logwood
50%
Obij Aget
50%
Damion Walker
49%
Eric Chatfield
49%
Eric Chatfield
49%
Jeff Hart
49%
Jeff Hart
49%
Jeff Hart
49%
Jeff Hart
49%
Senque Carey
47.1%
Senque Carey
47.1%
Troy DeVries
47.1%
Troy DeVries
47.1%
Demetrius Walker
47.1%
Chad Bell
45.1%
Chad Bell
45.1%
Cameron Bairstow
43.1%
Dominique Dunning
42.9%
Kory Alford
42.9%
Lenny Miles
41.2%
Ryan Wall
41.2%
Alfred Neale
41.2%
Darren Prentice
41.2%
Ryan Wall
41.2%
Alfred Neale
41.2%
Darren Prentice
41.2%
Darren Prentice
41.2%
Darren Prentice
41.2%
Wayland White
39.2%
Wayland White
39.2%
Monquel Pegues
39.2%
Emmanuel Negedu
39.2%
Ryan Ashcraft
37.3%
Ryan Ashcraft
37.3%
Ryan Ashcraft
37.3%
Ryan Ashcraft
37.3%
Joel Box
37.3%
Player
% Correct
Patrick Dennehy
35.3%
Patrick Dennehy
35.3%
Kevin Henry
33.3%
John Robinson
33.3%
Tim Lightfoot
31.4%
Tim Lightfoot
31.4%
Zeke Johnson
31.4%
Tim Lightfoot
31.4%
Moustapha Diagne
31.4%
Kyle Prochaska
31.4%
Aaron Johnson
31.4%
Kris Collins
29.4%
Sean Phaler
29.4%
Kris Collins
29.4%
Jonathan Wills
29.4%
Jonathan Wills
29.4%
Chris Perez
28.6%
Johnnie Harris
27.5%
Blake Harden
25.5%
Blake Harden
25.5%
Kory Alford
25%
Hugh Greenwood
25%
Nick Banyard
25%
Arthur Edwards
25%
Hugh Greenwood
25%
Nick Banyard
25%
Tim Myles
25%
Arthur Edwards
25%
Hugh Greenwood
25%
Tim Jacobs
25%
Jordan Goodman
25%
J.J. N'Ganga
25%
Javin Tindall
23.5%
Javin Tindall
23.5%
Ryan Kersten
23.5%
Ryan Kersten
23.5%
Roland Hannah
21.6%
R.T. Guinn
19.6%
Malcolm Battles
19.6%
Alvin Broussard
19.6%
Cody Payne
19.6%
Bambale Osby
17.6%
Justin Benson
15.7%
Collins Ferris
13.7%
Michael Jordan
11.8%
Anthony Teague
11.8%
Sean Imadiyi
11.8%
Matt Staff
11.8%
Pat Kelly
9.8%
Matt King
9.8%
Pat Kelly
9.8%
Beau Anderson
9.8%
Pat Kelly
9.8%
Mikal Monette
9.8%
Mikal Monette
9.8%
Nick Andrews
7.8%
Rafael Berumen
5.9%
Michael McCowan
3.9%
Jeffrey Henfield
3.9%
Laurence Metz
2%
Chris Johansen
2%
David Kanyinda
0%
Chris Perez
0%
Chris Perez
0%
Merv Lindsay
0%
Xavier Adams
0%
Jordan Hunter
0%
Tim Jacobs
0%
Connor Joy
0%
Adam Cumber
0%
Michael Nesbitt
0%
Nikola Scekic
0%
Jordan Hunter
0%
Xavier Adams
0%
Adam Cumber
0%
Holt Shelley
0%
Matt Vail
0%
Makuach Maluach
0%
Troy Simons
0%
Jachai Simmons
0%
Vladimir Pinchuk
0%
Quiz Playlist
Details
Report
Send in Message
Add To Playlist
More Info:
Last names are accepted.
Classic:
Type in answers that appear in a list
Last Updated: Sep 7, 2017
Quiz Scoreboard
CHALLENGE
Sign Up to Join the Scoreboard
Show All
Scores
Hide
Comments
May contain spoilers
Recently Published
Billboard Blitz: Fleetwood Mac
by CooCooCachoo
Music
15s
Presidents Visiting Landmarks
by Hejman
History
7m
An Introduction to Baseball
by treessimontrees
Sports
5m
More to Explore
Quiz From the Vault
Featured Blog Post
Where Did the Easter Bunny Come From?
hide this ad
You Might Also Like...
Tags
Basketball Quiz
1999
New Mexico
Player
Today's Top Quizzes in Sports
Browse Sports
hide this ad
Today's Top Quizzes in Basketball
Browse Basketball
Top Contributed Quizzes in Sports
1
Les meilleurs buteurs des matchs entre le PSG et l’OM
2
2022 World Cup Stars
3
FIFA Club World Cup Champions
4
Les entraîneurs de l'OM et du PSG au 21e siècle
5
Name the Premier League winners with different clubs
6
5-to-1: UK Sports Teams
7
La finale Lions - Afrique du Sud 2021
8
Criteria MLB: Left Handed Sluggers
9
AFC Teams Reveal (Wrong Answers Minefield)
10
England Test cricketers to play under Nasser Hussain
Explore More
Trending Topics
NBA
Kpop
Disney
Anime
Harry Potter
Crossword
Marvel
NFL
Country
Soccer
Song
WWE
Puzzle
Pokémon
The Office
hide this ad
More By:
tommyboyunm
Quiz
Plays
Rating
Category
Featured
Created
Radiohead Songs
178
2.80
Music
Sep 20, 2010
UNM Year-by-Year Scoring Leaders
92
Sports
Oct 5, 2010
UNM Basketball Players Since 1999
51
Sports
Oct 5, 2010
Go to Creator's Profile
Score Distribution
Quiz Creator Spotlight
tommyboyunm
Follow
Send a Message
Quizzes Created
-
Created Quiz Play Count
-
More By This Creator
Popular Quizzes Today
1
Find the US States - No Outlines Minefield
2
Find the Countries of Europe - No Outlines Minefield
3
The Countries of the World
4
Find the US States
5
Popular People in 1961
6
US States
7
Risky Map Clicking: Biggest States A-Z
8
Movies - When Are They Set?
More Sports Quizzes
Anyone But Max Verstappen
Quiz Lab
Trending Quizzes
Risky Map Clicking: Least Populous States A-Z
1-10 Letter G Words
1-10 Letter F Words
Risky Map Clicking: Next State Alphabetically
'A' Boys' Names Grid
Recently Updated
Leaping Animals
pecheneg
Reality TV Shows (A-Z)
bhenderson79
Rickey Henderson's Hall of Fame Teammates
pecheneg
Champions League XIs: Arsenal
pecheneg
Quick Pick: Celebrities in WWE's Hall of Fame
aduchscher
A-Z Keypad Blitz II
pecheneg
Multiple Oscar Actors
pecheneg
Mystery Phrase Blitz: Oscar 'Best Actors'
pecheneg
F. Scott Fitzgerald Novels
LTH
Pick 3 Villains
ddd62291
Trending Topics
Harry Potter
Kpop
Marvel
Disney
NBA
Anime
Crossword
NFL
Country
Pokémon
Puzzle
Song
The Office
Soccer
WWE
Your Account Isn't Verified!
In order to create a playlist on Sporcle, you need to verify the email address you used during registration. Go to your
Sporcle Settings
to finish the process.
Report this User
Report this user for behavior that violates our
Community Guidelines
.
Details:
Send Report
Go to the Sporcle.com Mobile Site →
Comments